登録者10万人以上の鉄道系YouTuber - Statistics

General Stats
  • This quiz has been taken 275 times
  • The average score is 5 of 20
Answer Stats
登録者(万人) Answer % Correct
115 スーツ
93%
63.7 西園寺
93%
17.2 ZAKI
62%
16.9 ひろき
57%
22.5 がみ
52%
25.5 謎のちゃんねる
43%
12.7 かんの
30%
15.8 綿貫渉
27%
20.6 トラ猫 鉄道ちゃんねる
12%
10 鐵坊主
11%
18.2 にっこーけん
9%
17.2 たくみっく
9%
19.4 ゆっくり鉄道博物館
7%
10.3 仙台撮り鉄
5%
10.5 鉄動画チャンネル
3%
14.4 ayokoi
3%
14.9 鉄道だっちゃ!
2%
19.1 カコ鉄の日常
1%
10.5 kuga
0%
14.1 Tomy Hiratsuka
0%
No matching quizzes found
Score Distribution
Percent of People with Each Score
Percentile by Number Answered
Your Score History
You have not taken this quiz